| 000 | 00523nam a22001937a 4500 | ||
|---|---|---|---|
| 003 | OSt | ||
| 005 | 20140310182138.0 | ||
| 008 | 130829t xxu||||| |||| 00| 0 eng d | ||
| 020 | _a0811408221 | ||
| 050 |
_aE 161.5 _b.B784 1980 |
||
| 082 |
_aHS 910 _bBo67 1980 |
||
| 100 |
_aBowden, M.G. _915115 |
||
| 245 |
_aRegions of the world / _cM.G. Bowden |
||
| 260 |
_aAustin, Tex : _bSteck-Vaughn Co., _cc1980. |
||
| 300 |
_a96 p. : _bill. ; _c28 cm. |
||
| 651 |
_aGeography _914950 |
||
| 942 |
_2lcc _cHS |
||
| 999 |
_c9805 _d9805 |
||